[Event "Las Palmas-B"]
[Site "Las Palmas"]
[Date "1994.??.??"]
[Round "5"]
[White "Brito, Alfredo"]
[Black "Garcia Padron, J."]
[Result "1-0"]
[WhiteElo "2325"]
[BlackElo "2435"]

1.d4 Nf6 2.c4 e6 3.Nf3 Bb4+ 4.Nbd2 O-O 5.Qc2 d5 6.a3 Bxd2+ 7.Bxd2 Ne4 8.Bf4 c5
9.e3 Qa5+ 10.Nd2 Nc6 11.O-O-O Nxf2 12.Nb3 Qa4 13.Qxf2 Qxb3 14.Bd3 dxc4 15.Bc2 Qa2
16.Bb1 Qb3 17.Bc2 Qb5 18.Bd6 cxd4 19.Bxf8 d3 20.a4 Qh5 21.Ba3 e5 22.Bxd3 cxd3
23.Rxd3 Be6 24.Rc3 h6 25.h3 Qg6 26.b3 Rd8 27.Qc2 Bf5 28.Qe2 Be4 29.Rg1 f5
30.g4 f4 31.exf4 exf4 32.Re1 Bd3 33.Qf2 Nd4 34.Kb2 Qf6 35.Be7 Qg6 36.Bxd8  1-0

[Event "Linares op"]
[Site "Linares"]
[Date "1994.??.??"]
[Round "5"]
[White "Komljenovic, Davor"]
[Black "Petursson, Margeir"]
[Result "0-1"]
[WhiteElo "2470"]
[BlackElo "2550"]

1.d4 Nf6 2.c4 e6 3.Nf3 Bb4+ 4.Nbd2 b6 5.a3 Bxd2+ 6.Bxd2 Bb7 7.Bg5 d6 8.e3 Nbd7
9.Bd3 h6 10.Bh4 g5 11.Bg3 h5 12.h3 Rg8 13.Qc2 h4 14.Bh2 g4 15.hxg4 h3 16.Bg1 hxg2
17.Rh3 Nxg4 18.Rg3 Ke7 19.e4 Ngf6 20.Nh4 Rxg3 21.fxg3 Qg8 22.Qxg2 Qg4 23.d5 Rg8
24.Qe2 Ne5 25.Bc2 Qxg3+ 26.Bf2 Qf4 27.Qd2 Qg4 28.Qe2 Rh8 29.Qxg4 Nfxg4 30.Bg3 Ne3
31.Bb3 Ng2+ 32.Nxg2 Rh1+ 33.Kd2 Rxa1 34.Ne1 exd5 35.cxd5 c6 36.Nc2 Rg1 37.Ne3 cxd5
38.exd5 Bc8 39.Bf2 Rh1 40.Kc3 f5 41.Bc2 f4 42.Nf5+ Bxf5 43.Bxf5 Rh2 44.Bg1 Rg2
45.Bd4 f3 46.Bh3 Rg3 47.Bf1 f2+  0-1

[Event "Ljubljana op"]
[Site "Ljubljana"]
[Date "1994.??.??"]
[Round "?"]
[White "Kozul, Zdenko"]
[Black "Potocnik, Primoz"]
[Result "1-0"]
[WhiteElo "2575"]
[BlackElo "2225"]

1.d4 Nf6 2.Nf3 e6 3.c4 Bb4+ 4.Nbd2 b6 5.a3 Bxd2+ 6.Qxd2 Bb7 7.e3 O-O 8.b4 d6
9.Bb2 Nbd7 10.Be2 Ne4 11.Qc2 Qe7 12.O-O f5 13.Rad1 Ng5 14.Nxg5 Qxg5 15.d5 Qg6
16.f4 Nf6 17.Rf3 Qe8 18.Rg3 Kh8 19.Bf3 Rg8 20.dxe6 Ne4 21.Bxe4 Bxe4 22.Qc3 Qe7
23.c5 Rac8 24.h4 h6 25.h5 Kh7 26.Rg6 d5 27.Qe5 bxc5 28.Rxd5  1-0

[Event "Lloyds Bank op"]
[Site "London"]
[Date "1994.??.??"]
[Round "8"]
[White "Kinsman, Andrew PH"]
[Black "Piper, Matthew"]
[Result "0-1"]
[WhiteElo "2375"]
[BlackElo "2255"]

1.d4 Nf6 2.Nf3 e6 3.c4 Bb4+ 4.Nbd2 b6 5.g3 Bb7 6.Bg2 O-O 7.O-O Re8 8.Qc2 c5
9.dxc5 Bxc5 10.e4 d5 11.e5 Nfd7 12.Nb3 Be7 13.cxd5 Bxd5 14.Nbd4 Qc8 15.Qxc8 Rxc8
16.Bf4 Nc6 17.Nb5 g5 18.Nxg5 Bxg2 19.Kxg2 Ndxe5 20.Rfd1 Rd8 21.Rxd8+ Rxd8
22.Rc1 a6 23.Nf3 Bf6 24.Nc7 Rc8 25.b4 Nxf3 26.Rxc6 Ne5 27.Rc2 Nd3 28.Bd6 Ne1+  0-1

[Event "SWZ-ch int"]
[Site "Luzern"]
[Date "1994.??.??"]
[Round "5"]
[White "Huss, Andreas"]
[Black "Wahls, Matthias"]
[Result "0-1"]
[WhiteElo "2430"]
[BlackElo "2540"]

1.d4 Nf6 2.Nf3 e6 3.c4 Bb4+ 4.Nbd2 O-O 5.a3 Be7 6.e4 d5 7.e5 Nfd7 8.cxd5 exd5
9.b4 a5 10.b5 c5 11.Bd3 cxd4 12.Nb3 a4 13.Nbxd4 Nc5 14.h3 Nxd3+ 15.Qxd3 Nd7
16.O-O Nc5 17.Qe3 Qb6 18.Rb1 Bxh3 19.Ng5 Bd7 20.Bd2 Qg6 21.Rfc1 Nd3 22.Rd1 Rac8
23.Ngf3 Rfe8 24.Ba5 Nc5 25.Bb4 Bf8 26.Rbc1 b6 27.Rc3 h6 28.Qf4 Qh5 29.Re1 g5
30.Qe3 Bg7 31.Ne2 g4 32.Ng3 Qg6 33.Nh4 Qg5 34.Nhf5 Rxe5 35.Qxe5 Bxe5 36.Rxe5 Kh7
37.Rce3 Ne4 38.Re1 Rc1 39.Rxd5 Rxe1+ 40.Bxe1 Nxg3 41.Rxd7 Qxf5  0-1

[Event "SWZ-ch int"]
[Site "Luzern"]
[Date "1994.??.??"]
[Round "10"]
[White "Huss, Andreas"]
[Black "Wirthensohn, Heinz"]
[Result "0-1"]
[WhiteElo "2430"]
[BlackElo "2420"]

1.d4 Nf6 2.Nf3 e6 3.c4 Bb4+ 4.Nbd2 O-O 5.a3 Bxd2+ 6.Qxd2 d6 7.Qc2 Nbd7 8.b4 e5
9.d5 a5 10.Rb1 axb4 11.axb4 c6 12.e4 cxd5 13.cxd5 Nb6 14.Bb5 Bd7 15.Bxd7 Qxd7
16.Qe2 Qg4 17.Nd2 Qxg2 18.Qf1 Qxf1+ 19.Rxf1 Ra2 20.f3 Rc8 21.Nb3 Rcc2 22.Bd2 Nc4
23.Rf2 Kf8 24.Rc1 Nxd2 25.Rxd2 Rxc1+ 26.Nxc1 Rxd2 27.Kxd2 Ke7 28.Nb3 Kd7
29.Na5 Kc7 30.Nc4 Nd7 31.Na3 Nb6 32.Nb5+ Kd7 33.Kd3 g6 34.Kc3 f5 35.Kd3 Ke7
36.Nc7 Nd7 37.Nb5 Nf6 38.Nc3 h5 39.h4 Nh7 40.Ke2 Kd7 41.Nd1 f4 42.Nb2 g5
43.hxg5 Nxg5 44.Nc4 h4 45.Kf2 h3 46.Nd2 Kc7 47.Kf1 Kb6 48.Nc4+ Kb5 49.Nxd6+ Kxb4
50.Nxb7 Kb5 51.Kf2 Nf7  0-1

[Event "Mar del Plata op"]
[Site "Mar del Plata"]
[Date "1994.??.??"]
[Round "8"]
[White "Valerga, Diego"]
[Black "Sunye Neto, Jaime"]
[Result "1/2-1/2"]
[WhiteElo "2375"]
[BlackElo "2530"]

1.d4 Nf6 2.c4 e6 3.Nf3 Bb4+ 4.Nbd2 O-O 5.a3 Bxd2+ 6.Bxd2 Ne4 7.g3 Nxd2 8.Qxd2 a5
9.b3 d6 10.Bg2 Qe7 11.O-O e5 12.Qe3 Re8 13.Rfd1 Nd7 14.b4 e4 15.Nd2 Nf6 16.h3 h6
17.d5 Qe5 18.Nb3 axb4 19.axb4 Rxa1 20.Rxa1 b5 21.cxb5 Qxd5 22.Nd4 Bd7 23.Qc3 Bxb5
24.e3 Bc4 25.Rc1 Ba6 26.Qa3 Bc4 27.Qc3 Ba6 28.Qa3 Bc4  1/2-1/2

[Event "Maribor Pirc"]
[Site "Maribor"]
[Date "1994.??.??"]
[Round "2"]
[White "Kozul, Zdenko"]
[Black "Cebalo, Miso"]
[Result "1/2-1/2"]
[WhiteElo "2575"]
[BlackElo "2520"]

1.d4 Nf6 2.Nf3 e6 3.c4 Bb4+ 4.Nbd2 b6 5.a3 Bxd2+ 6.Bxd2 Bb7 7.Bg5 d6 8.e3 Nbd7
9.Bh4 h6 10.Nd2 Qe7 11.Be2 e5 12.d5 a5 13.f3 a4 14.O-O Nc5 15.Qc2 O-O 16.Ne4 Ncxe4
17.fxe4 g5 18.Be1 Bc8 19.Bd3 Nd7 20.Bb4  1/2-1/2

[Event "Maribor Pirc"]
[Site "Maribor"]
[Date "1994.??.??"]
[Round "5"]
[White "Cebalo, Miso"]
[Black "Gostisa, Leon"]
[Result "1/2-1/2"]
[WhiteElo "2520"]
[BlackElo "2410"]

1.d4 Nf6 2.Nf3 e6 3.c4 Bb4+ 4.Nbd2 O-O 5.a3 Bxd2+ 6.Bxd2 d6 7.Bf4 Nbd7 8.h3 b6
9.e3 Qe7 10.Be2 Bb7 11.O-O Ne4 12.Rc1 a5 13.Nd2 e5 14.Bh2 Nxd2 15.Qxd2 Qg5
16.d5 Nc5 17.Qc3 a4 18.f4 exf4 19.exf4 Qe7 20.Rce1 f5 21.Bg3 Qf6 22.Qxf6 Rxf6
23.Bf2 Nb3 24.Bd3 Nd2 25.Bd4 Rf7 26.Rf2 Nb3 27.Be3 Re8 28.Rfe2 Kf8 29.c5 bxc5
30.Bb5 Re4 31.Bf2 Rfe7 32.Rxe4 Rxe4 33.Rxe4 fxe4 34.Bxa4 Nd2 35.Bc6 Bxc6
36.dxc6 Nc4 37.b4 Nxa3 38.bxc5 d5 39.f5 Nc2 40.Bg3 Nd4 41.Bxc7 Nxf5 42.Be5 Ke8
43.g4 Ne7 44.Bxg7 Nxc6 45.Kf2 d4 46.h4 Kf7 47.Bxd4 Nxd4 48.Ke3 Nf3 49.c6 Ke6
50.Kxe4 Nxh4 51.c7  1/2-1/2

[Event "Maribor Pirc"]
[Site "Maribor"]
[Date "1994.??.??"]
[Round "8"]
[White "Kozul, Zdenko"]
[Black "Gostisa, Leon"]
[Result "1-0"]
[WhiteElo "2575"]
[BlackElo "2410"]

1.d4 Nf6 2.Nf3 e6 3.c4 Bb4+ 4.Nbd2 b6 5.a3 Bxd2+ 6.Bxd2 Bb7 7.Bg5 d6 8.e3 Nbd7
9.Bh4 O-O 10.Be2 Re8 11.Rc1 a5 12.O-O Nf8 13.c5 bxc5 14.dxc5 e5 15.Qb3 Be4
16.Nd2 Bf5 17.Bb5 Bd7 18.cxd6 cxd6 19.Ne4 a4 20.Qd3 Qb8 21.Nxf6+ gxf6 22.Bxd7 Nxd7
23.Rc4 Re6 24.Rb4 Qc8 25.Rg4+ Kh8 26.Qb1 Qf8 27.Rc1 Nc5 28.Qf5 Qh6 29.Rcc4 Rg8
30.Rxg8+ Kxg8 31.Rg4+ Kf8 32.Bg3 Re8 33.h4 Ke7 34.h5 Rb8 35.Bh4 Rxb2 36.Rg8 Nd7
37.Rh8 Qg7 38.Rxh7 Qg8 39.h6 Qc8 40.Rg7 Qc1+ 41.Kh2  1-0

[Event "Maribor Pirc"]
[Site "Maribor"]
[Date "1994.??.??"]
[Round "9"]
[White "Cebalo, Miso"]
[Black "Grosar, Aljosa"]
[Result "1-0"]
[WhiteElo "2520"]
[BlackElo "2435"]

1.d4 Nf6 2.Nf3 e6 3.c4 Bb4+ 4.Nbd2 d5 5.a3 Be7 6.g3 dxc4 7.Nxc4 c5 8.Bf4 b5
9.Nce5 Bb7 10.dxc5 Qxd1+ 11.Rxd1 Bxc5 12.Bg2 Nbd7 13.Nxd7 Nxd7 14.O-O Rc8
15.b4 Bb6 16.Bd6 Nf6 17.Nd4 Bxg2 18.Kxg2 a6 19.Nb3 Ne4 20.f3 Nc3 21.Rd3 Nd5
22.Bc5 Bxc5 23.Nxc5 a5 24.Nb7 Rc2 25.Rf2 axb4 26.e4 Rc7 27.Nd6+ Ke7 28.Nxb5 Rc5
29.Nd4 bxa3 30.exd5 Rxd5 31.Ra2 Kf6 32.Raxa3 Rhd8 33.Ra4 e5 34.Ra6+ Kg5 35.h4+ Kh5
36.Nf5  1-0

[Event "Minsk"]
[Site "Minsk"]
[Date "1994.??.??"]
[Round "9"]
[White "Aleksandrov, Aleksej"]
[Black "Nielsen, Peter Heine"]
[Result "1-0"]
[WhiteElo "2535"]
[BlackElo "2475"]

1.d4 e6 2.c4 Nf6 3.Nf3 Bb4+ 4.Nbd2 b6 5.g3 Bb7 6.Bg2 O-O 7.O-O c5 8.dxc5 Bxc5
9.b3 d5 10.Bb2 Qe7 11.Rc1 dxc4 12.Nxc4 Rd8 13.Qc2 Nbd7 14.Qb1 a5 15.a4 Rac8
16.Rfd1 Ne4 17.e3 Ndf6 18.Nfe5 Bd5 19.Nd3 Ng5 20.Nxc5 Bxg2 21.Kxg2 Rxd1 22.Rxd1 Qxc5
23.f3 Qc6 24.Rf1 h6 25.h4 Ngh7 26.Rd1 Nd7 27.Rd6 Qc7 28.Bd4 Nc5 29.Rxb6 Nxa4
30.Rb5  1-0

[Event "Mlada Boleslav op"]
[Site "Mlada Boleslav"]
[Date "1994.??.??"]
[Round "2"]
[White "Barbero, Gerardo F"]
[Black "Chloupek, Stanislav"]
[Result "1/2-1/2"]
[WhiteElo "2490"]
[BlackElo "2310"]

1.d4 Nf6 2.c4 e6 3.Nf3 Bb4+ 4.Nbd2 O-O 5.a3 Be7 6.g3 b6 7.e4 d5 8.Qc2 dxe4
9.Nxe4 Bb7 10.Bd3 Nbd7 11.O-O c5 12.Rd1 Qc8 13.Bg5 h6 14.Bxf6 Nxf6 15.dxc5 bxc5
16.Rab1 Rb8 17.b3 Rd8 18.Nxf6+ Bxf6 19.Bh7+ Kh8 20.Rxd8+ Qxd8 21.Be4 Bxe4
22.Qxe4 Rxb3 23.Rxb3 Qd1+ 24.Kg2 Qxb3 25.Qa8+ Kh7 26.Qxa7 Qxc4 27.Qxf7 Qe4
28.a4 c4 29.a5 c3 30.a6 c2 31.Qb7 Qxb7 32.axb7 c1=Q 33.b8=Q Qc6 34.Qb1+ Kg8
35.Qd1 Qe4 36.h3 h5 37.h4 Qd5 38.Qe2 Kh7 39.Kh2 Qf5 40.Nd2 Kg8 41.Ne4 Be7
42.Kg1 Kh7 43.Kg2 Kg8 44.Qe3 Qd5 45.Kh2 Qf5 46.Kg1 Qd5 47.Qe2 Qf5 48.Kf1 Qd5
49.Qc2 Qb5+ 50.Kg1 Qd5 51.Kh2 Kf7 52.Kg2 Qb7 53.f3 Qb5 54.Nf2 Bf6 55.Nd3 Qf5
56.Qc7+ Kg8 57.Nf4 e5 58.Qc4+ Kh7 59.Nd5 Qg6 60.Kf2 Qf5 61.Ne3 Qb1 62.Nc2 Qh1
63.Qe4+ g6 64.Ne1 Qh2+ 65.Ng2 Qh1 66.Qb7+ Bg7 67.Qd7 Qb1 68.Qd5 Qc2+ 69.Kg1 Qb1+
70.Kh2 Qc2 71.Qb7 Qe2 72.Qc6 Qd3 73.Qb7 Qe2 74.Qd5 Qc2 75.Kg1 Qb1+ 76.Kf2 Qc2+
77.Kf1 Qb1+ 78.Ne1 Qb2 79.Kg1 Qb1 80.Qe4 Qxe4 81.fxe4 Kg8 82.Kf2 Kf7 83.Ke2 Bf6
84.Nf3 Ke6 85.Kd3 Bd8 86.Nd2  1/2-1/2

[Event "Mondariz op"]
[Site "Mondariz"]
[Date "1994.??.??"]
[Round "?"]
[White "Hillarp Persson, Tiger"]
[Black "Adla, Diego"]
[Result "1/2-1/2"]
[WhiteElo "2380"]
[BlackElo "2430"]

1.d4 Nf6 2.c4 e6 3.Nf3 Bb4+ 4.Nbd2 b6 5.a3 Bxd2+ 6.Bxd2 Bb7 7.Bg5 d6 8.e3 Nbd7
9.Be2 O-O 10.O-O Qe8 11.Nd2 c5 12.dxc5 dxc5 13.Qc2 a6 14.Bh4 e5 15.f3 Qe6
16.Rad1 Ne8 17.Ne4 Ndf6 18.Nxf6+ Nxf6 19.Rd2 Rfd8 20.Rfd1 Rd7 21.Rxd7 Nxd7
22.Rd2 Nf8 23.Bg3 f6 24.Bf2 Qe8 25.Be1 Bc6 26.Bf2 Rd8 27.Be1 Rxd2 28.Qxd2 Qd7
29.Qxd7 Bxd7 30.Bd3 Be6 31.Kf2 Kf7 32.Ke2 Ng6 33.Kd2 Ne7 34.Kc3 Nf5 35.Bf2 Ke7
36.b4 Kd6 37.g4 Ne7 38.Bg3 Nc6 39.h3 cxb4+ 40.axb4 a5 41.b5 Nb8 42.Be1 Nd7
43.Bd2 Nc5 44.Bc2 Bc8 45.Bc1 Bb7 46.Bd1  1/2-1/2

[Event "Montevideo"]
[Site "Montevideo"]
[Date "1994.??.??"]
[Round "2"]
[White "Del Rey, Diego"]
[Black "Rodriguez, Al"]
[Result "0-1"]
[WhiteElo "2400"]
[BlackElo "2330"]

1.d4 Nf6 2.c4 e6 3.Nf3 Bb4+ 4.Nbd2 b6 5.a3 Bxd2+ 6.Bxd2 a5 7.Bg5 h6 8.Bxf6 Qxf6
9.e4 Bb7 10.Bd3 g5 11.h3 Nc6 12.e5 Qg7 13.Qe2 h5 14.Qe3 g4 15.hxg4 hxg4 16.Rxh8+ Qxh8
17.Ng5 f6 18.Bg6+ Ke7 19.Nh7 fxe5 20.d5 Nd4 21.O-O-O c5 22.Be4 Rg8 23.Rh1 Ba6
24.Rh6 Rg7 25.Nf6 Qf8 26.Nh5 Rf7 27.Qg5+ Kd6 28.Nf6 Bxc4 29.Qh4 Qe7 30.Qg5 Ne2+
31.Kb1 Nf4 32.dxe6 dxe6 33.Bh7 Bd5 34.Bg8 Rf8 35.g3 Nh3 36.Qg6 Rxf6 37.Qxf6 Be4+
38.Ka1 Qxf6 39.Rxf6 Bf5 40.Ka2 Nxf2 41.Rf8 Ne4 42.Rd8+ Kc7 43.Rd3 Nf6  0-1

[Event "Moscow ol (Women)"]
[Site "Moscow"]
[Date "1994.??.??"]
[Round "8"]
[White "Ioseliani, Nana"]
[Black "Skripchenko, Almira"]
[Result "1-0"]
[WhiteElo "2435"]
[BlackElo "2270"]

1.d4 Nf6 2.c4 e6 3.Nf3 Bb4+ 4.Nbd2 d5 5.e3 O-O 6.a3 Be7 7.Bd3 b6 8.O-O Bb7
9.Qc2 Nbd7 10.b4 c5 11.bxc5 bxc5 12.cxd5 exd5 13.Rb1 Rb8 14.dxc5 Nxc5 15.Bb2 Nfe4
16.Be2 Bf6 17.Bd4 Bxd4 18.Nxd4 Qa5 19.Nxe4 Nxe4 20.Rb5 Qd8 21.Qb2 Nd6 22.Rb4 Ba8
23.Rb1 Rxb4 24.Qxb4 Nc4 25.Qc5 Qd7 26.h3 g6 27.Qb4 a5 28.Qc3 Qa4 29.Nb5 Nb6
30.Qc7 Qe4 31.Nc3 Qc2 32.Rxb6 d4 33.exd4 Qc1+ 34.Bf1 Be4 35.Nd5  1-0

[Event "JUG-chT"]
[Site "Nis"]
[Date "1994.??.??"]
[Round "?"]
[White "Scekic, Milos"]
[Black "Knezevic, Bojan"]
[Result "1-0"]
[WhiteElo "2265"]
[BlackElo "2385"]

1.d4 Nf6 2.Nf3 e6 3.c4 Bb4+ 4.Nbd2 b6 5.a3 Bxd2+ 6.Bxd2 Bb7 7.g3 d6 8.Bg2 Nbd7
9.O-O O-O 10.b4 Qe7 11.Bc3 c5 12.Qb3 Rac8 13.Rfd1 Rc7 14.dxc5 bxc5 15.b5 Ne4
16.Ba5 Rcc8 17.Nd2 f5 18.Ra2 d5 19.Nxe4 fxe4 20.f4 exf3 21.exf3 dxc4 22.Qe3 Nf6
23.Re2 Rfe8 24.Bh3 Bd5 25.Kf2 Kf7 26.g4 h6 27.g5 hxg5 28.Rg1  1-0

[Event "NOR-ch"]
[Site "?"]
[Date "1994.??.??"]
[Round "8"]
[White "Ostenstad, Berge"]
[Black "Fyllingen, Roy Harald"]
[Result "0-1"]
[WhiteElo "2475"]
[BlackElo "2330"]

1.d4 Nf6 2.Nf3 e6 3.c4 Bb4+ 4.Nbd2 b6 5.a3 Bxd2+ 6.Qxd2 Bb7 7.e3 d6 8.b4 Nbd7
9.Bb2 Qe7 10.Be2 O-O 11.O-O Ne4 12.Qc2 f5 13.Ne1 Qg5 14.d5 Rae8 15.Nf3 Qg6
16.Nd4 exd5 17.cxd5 Bxd5 18.f3 Ng5 19.Qxc7 Ne5 20.Rac1 Rf7 21.Qc2 Rf6 22.Qd1 Ba8
23.Rc7 Qh5 24.e4 fxe4 25.f4 Ngf3+ 26.Bxf3 exf3 27.fxe5 f2+  0-1

[Event "NOR-ch"]
[Site "?"]
[Date "1994.??.??"]
[Round "9"]
[White "Agdestein, Simen"]
[Black "Fyllingen, Roy Harald"]
[Result "1/2-1/2"]
[WhiteElo "2595"]
[BlackElo "2330"]

1.d4 Nf6 2.c4 e6 3.Nf3 Bb4+ 4.Nbd2 b6 5.a3 Bxd2+ 6.Bxd2 Bb7 7.Bg5 d6 8.e3 Nbd7
9.Be2 h6 10.Bh4 g5 11.Bg3 h5 12.h4 g4 13.Ng5 Bxg2 14.Rg1 Bb7 15.f3 Qe7 16.fxg4 hxg4
17.Bxg4 Nxg4 18.Qxg4 Nf6 19.Qe2 Ne4 20.Nxe4 Bxe4 21.O-O-O O-O-O 22.b4 Kb7
23.Kb2 e5 24.c5 bxc5 25.dxc5 dxc5 26.Qb5+ Ka8 27.Qxc5 Qxc5 28.bxc5 Rxd1 29.Rxd1  1/2-1/2

[Event "Oakham"]
[Site "Oakham"]
[Date "1994.??.??"]
[Round "6"]
[White "Wells, Peter K"]
[Black "Rossiter, Philip J"]
[Result "1-0"]
[WhiteElo "2490"]
[BlackElo "2400"]

1.d4 Nf6 2.c4 e6 3.Nf3 Bb4+ 4.Nbd2 c5 5.a3 Bxd2+ 6.Qxd2 b6 7.dxc5 bxc5 8.Qg5 O-O
9.Qxc5 Nc6 10.b4 Bb7 11.Bb2 a5 12.b5 Ne4 13.Qh5 Ne7 14.Ng5 Nxg5 15.Qxg5 f6
16.Qd2 Nf5 17.Rc1 Nh4 18.f3 f5 19.g3 Ng6 20.h4 Qc7 21.Rg1 Rf7 22.h5 Nf8 23.c5 a4
24.f4 Bd5 25.h6 gxh6 26.g4 Ng6 27.gxf5 Rxf5 28.Qd4 Kf8 29.e4 Rxf4 30.Qg7+ Ke8
31.exd5 Re4+ 32.Kd1 Qf4 33.Qg8+ Nf8 34.Qg3 Qf5 35.Bd3 Qxd5 36.Kc2 Rd4 37.Bxd4 Qxd4
38.Qg7 Qxc5+ 39.Qc3 Qd5 40.Kb1 Rb8 41.Bc4 Qc5 42.Bd3  1-0

[Event "Oberwart op"]
[Site "Oberwart"]
[Date "1994.??.??"]
[Round "4"]
[White "Poluljahov, Aleksandr"]
[Black "Stajcic, Nikola"]
[Result "1-0"]
[WhiteElo "2485"]
[BlackElo "2350"]

1.d4 Nf6 2.Nf3 e6 3.c4 Bb4+ 4.Nbd2 b6 5.g3 Bb7 6.Bg2 O-O 7.O-O Qc8 8.a3 Bxd2
9.Qxd2 a5 10.b3 d6 11.Bb2 Nbd7 12.Bh3 Ne4 13.Qe3 f5 14.Ng5 Nxg5 15.Qxg5 Qd8
16.Qd2 Qe7 17.b4 axb4 18.axb4 Qf7 19.f3 Rxa1 20.Rxa1 Ra8 21.Rxa8+ Bxa8 22.Qg5 Qf6
23.Qe3 Kf7 24.d5 Ne5 25.Qc3 Qh6 26.Bg2 g5 27.c5 bxc5 28.bxc5 Ke7 29.cxd6+ cxd6
30.Qa3  1-0

[Event "Paris op"]
[Site "Paris"]
[Date "1994.??.??"]
[Round "4"]
[White "Mohandesi, Shahin"]
[Black "Droulers, Denis"]
[Result "1-0"]
[WhiteElo "2305"]
[BlackElo "2220"]

1.d4 e6 2.Nf3 Nf6 3.c4 Bb4+ 4.Nbd2 Nc6 5.e3 d6 6.Be2 O-O 7.O-O Bxd2 8.Bxd2 e5
9.dxe5 dxe5 10.Bc3 Qe7 11.Qc2 a5 12.h3 Nd7 13.b3 Re8 14.Rfd1 Nc5 15.Bf1 b6
16.a3 Qf6 17.b4 Bf5 18.Qe2 Nb3 19.Ra2 Nbd4 20.Bxd4 exd4 21.b5 d3 22.Qb2 Qxb2
23.Rxb2 Ne5 24.Nxe5 Rxe5 25.Bxd3 Be6 26.Bf1 Kf8 27.Rd4 Ke7 28.Rbd2 f5 29.g3 g5
30.Bg2 Rf8 31.Bd5 f4 32.exf4 gxf4 33.g4 h5 34.f3 Re3 35.R2d3 Rxd3 36.Rxd3 Rd8
37.Rd4 Bxd5 38.Rxd5 Rxd5 39.cxd5 Kd6 40.gxh5 Ke5 41.Kg2  1-0

[Event "Passau op"]
[Site "Passau"]
[Date "1994.??.??"]
[Round "?"]
[White "Danner, Georg"]
[Black "Schlingensiepen, Christian"]
[Result "1/2-1/2"]
[WhiteElo "2440"]
[BlackElo "2300"]

1.d4 Nf6 2.c4 e6 3.Nf3 Bb4+ 4.Nbd2 O-O 5.e3 d6 6.Bd3 Qe7 7.O-O e5 8.Qc2 Bxd2
9.Nxd2 Re8 10.Ne4 Nbd7 11.Ng3 Nf8 12.f3 Ng6 13.Bd2 a5 14.b3 b6 15.a3 Bb7
16.d5 Bc8 17.b4 axb4 18.axb4 Bd7 19.Bf5 Bxf5 20.Nxf5 Qd7 21.e4 Ne7 22.Ng3 h6
23.c5 bxc5 24.bxc5 Qb5 25.Rab1 Qa6 26.Be3 Reb8 27.Ne2 Kf8 28.Kf2 Ne8 29.g4 Ng6
30.Kg3 Rxb1 31.Rxb1 Qa2 32.Qxa2 Rxa2 33.Nc3 Ra3 34.Rc1 Rb3 35.Rc2 Ke7 36.h4 dxc5
37.h5 Nf8 38.Bxc5+ Nd6 39.Kf2 Nd7 40.Be3 Nb8 41.Na4 Kd8 42.Nc5 Rb1 43.Bd2 Nd7
44.Na6 Nb5 45.Be3 Kc8 46.Nc5 Nd6 47.Ra2 Nxc5 48.Bxc5 Kb8  1/2-1/2

[Event "Peristeri"]
[Site "Peristeri"]
[Date "1994.??.??"]
[Round "1"]
[White "Moutousis, Konstantinos"]
[Black "Tzoumbas, Anastasios"]
[Result "0-1"]
[WhiteElo "2425"]
[BlackElo "2415"]

1.d4 Nf6 2.Nf3 e6 3.c4 Bb4+ 4.Nbd2 b6 5.a3 Bxd2+ 6.Bxd2 Bb7 7.g3 O-O 8.Bg2 d6
9.O-O Nbd7 10.b4 Qe7 11.Qb3 Ne4 12.Bc1 c5 13.dxc5 dxc5 14.Bb2 Rfd8 15.Rad1 Rac8
16.b5 Ndf6 17.h3 Ne8 18.a4 a5 19.Qc2 f6 20.Rfe1 N8d6 21.Rd3 Rd7 22.Red1 Rcd8
23.Nh2 Ng5 24.h4 Ngf7 25.e4 Ne8 26.Nf1 Rxd3 27.Rxd3 Rxd3 28.Qxd3 Qd6 29.Qxd6 Nexd6
30.Nd2 e5 31.Kf1 Kf8 32.Ke2 Ke7 33.Kd3 Nd8 34.Nf1 Nf5 35.Bh3 Nd4 36.Ne3 N8e6
37.Nd5+ Bxd5 38.cxd5 Nc7 39.f4 Ne8 40.Bg4 Nd6 41.Bd1 h6 42.Bc3 Kf7 43.Bd2 Ke7
44.Be1 Kf7 45.Bd2 Ke7 46.Be1 Kf7 47.Bf2 Ke7 48.Bg1 Kf7 49.Bf2 Ke7 50.Bh5 c4+
51.Ke3 c3 52.Kd3 c2 53.Be3 Nb7 54.fxe5 fxe5 55.Kd2 Nc5 56.Bxd4 exd4 57.Kxc2 Kd6
58.Bg6 Ke5 59.Bf5 Nxa4 60.Kb3 Nc5+ 61.Kc4 Nb7 62.Bg6 Nd6+  0-1

[Event "Platja d'Aro Barcino"]
[Site "Platja d'Aro"]
[Date "1994.??.??"]
[Round "?"]
[White "Bellon Lopez, Juan Manuel"]
[Black "Spraggett, Kevin"]
[Result "1/2-1/2"]
[WhiteElo "2460"]
[BlackElo "2530"]

1.d4 Nf6 2.c4 e6 3.Nf3 Bb4+ 4.Nbd2 c5 5.a3 Bxd2+ 6.Bxd2 d6 7.b4 cxd4 8.Nxd4 O-O
9.e3 e5 10.Nf3 Bg4 11.h3 Bh5 12.Qb3 Nbd7 13.Bc3 Rc8 14.Be2 Qb6 15.Qb2 Rfe8
16.Rc1 Ne4 17.O-O Nxc3 18.Rxc3 Nf6 19.Rd1 a5 20.Rcc1 axb4 21.axb4 Rc6 22.Rxd6 Rxd6
23.c5 Qd8 24.cxd6 Bxf3 25.Bxf3 e4 26.Be2 Qxd6 27.b5 h6 28.Qb3 Nd7 29.Rd1 Qc7
30.Bg4 Nf6 31.b6 Qc5 32.Be2 Re6 33.Bc4 Rxb6 34.Bxf7+ Kh7 35.Qa2 Rd6 36.Rxd6 Qxd6
37.Qb3 b6 38.Be6 Qc5 39.g4 g6 40.Qa4 b5 41.Qa8 Qe7 42.Qc6 b4 43.Bb3 Kg7 44.Qc4 g5
45.Kf1 Kg6 46.Ke1 Kg7 47.Qc8 Kg6 48.Be6 Kg7 49.Qc4 Qb7 50.Kd2 Qb6 51.Kc2 Qa5
52.Qd4 Qa4+ 53.Bb3 Qc6+ 54.Kb2 Qb5 55.Bc4 Qa4 56.Qd6 Qa3+ 57.Kb1 Qc3 58.Qe7+ Kh8
59.Qc5 Kg7 60.Qa7+ Kh8 61.Qb8+ Kg7 62.Qc7+ Kh8 63.Qd8+ Kg7 64.Qe7+ Kh8 65.Qf8+ Kh7
66.Qf7+ Kh8 67.Be6 Qe1+ 68.Ka2 Qxf2+ 69.Kb1 Qe1+ 70.Ka2 Qd2+ 71.Kb1 Qd3+
72.Kb2 Qd2+ 73.Kb1  1/2-1/2

[Event "Platja d'Aro Barcino"]
[Site "Platja d'Aro"]
[Date "1994.??.??"]
[Round "?"]
[White "Rodriguez Vargas, Orestes"]
[Black "Vehi Bach, Victor Manuel"]
[Result "1/2-1/2"]
[WhiteElo "2440"]
[BlackElo "2455"]

1.d4 Nf6 2.c4 e6 3.Nf3 Bb4+ 4.Nbd2 O-O 5.e3 d5 6.a3 Be7 7.b3 b6 8.Bd3 Bb7
9.O-O c5 10.Bb2 cxd4 11.exd4 Nc6 12.Qe2 Rc8 13.Rac1 dxc4 14.bxc4 Re8 15.Rfd1 Bf8
16.h3 g6 17.Qe3 Bg7 18.Ne5 Qe7 19.f4 Bh6 20.Nxc6 Rxc6 21.Re1 Bg7 22.Nf3 Rc7
23.Qf2 Qf8 24.Ne5 Rec8 25.Rc2 Nd7 26.Ng4 Nf6 27.Ne5 Nd7 28.Ng4 Nf6  1/2-1/2

[Event "CRO-ch"]
[Site "Porec"]
[Date "1994.??.??"]
[Round "?"]
[White "Kozul, Zdenko"]
[Black "Lazovic, Gordan"]
[Result "1-0"]
[WhiteElo "2575"]
[BlackElo "2305"]

1.d4 Nf6 2.Nf3 e6 3.c4 Bb4+ 4.Nbd2 b6 5.a3 Bxd2+ 6.Qxd2 Bb7 7.e3 Ne4 8.Qc2 f5
9.b4 a5 10.b5 d6 11.Bb2 O-O 12.Bd3 Nd7 13.O-O Rc8 14.Rad1 Qe8 15.Nd2 Qg6
16.f3 Ng5 17.Kh1 Qh5 18.d5 Nc5 19.f4 Nf7 20.Rf3 Nxd3 21.Qxd3 Nh6 22.Nf1 exd5
23.cxd5 Qe8 24.h3 Rf7 25.Ng3 Kf8 26.e4 Rd8 27.exf5 Qd7 28.Re1 Nxf5 29.Re6 Nxg3+
30.Rxg3 Kg8 31.Rh6  1-0

[Event "Portoroz op"]
[Site "Portoroz"]
[Date "1994.??.??"]
[Round "?"]
[White "Kozul, Zdenko"]
[Black "Cebalo, Miso"]
[Result "0-1"]
[WhiteElo "2575"]
[BlackElo "2520"]

1.d4 Nf6 2.Nf3 e6 3.c4 Bb4+ 4.Nbd2 b6 5.a3 Bxd2+ 6.Qxd2 Bb7 7.e3 O-O 8.Be2 Ne4
9.Qc2 f5 10.b3 d6 11.Bb2 Nd7 12.O-O Qe7 13.Ne1 Rae8 14.f3 Ng5 15.Nd3 e5 16.dxe5 dxe5
17.Nf2 Ne6 18.Rfe1 c5 19.Rad1 Rf7 20.Qd2 Qg5 21.Nh3 Qg6 22.Qc3 f4 23.exf4 Nd4
24.Qe3 Rfe7 25.Qf2 exf4 26.Bxd4 cxd4 27.Nxf4 Qf6 28.Nd5 Bxd5 29.cxd5 d3 30.Rxd3 Qb2
31.Qd4 Qxd4+ 32.Rxd4 Rxe2 33.Rxe2 Rxe2 34.Ra4 a5 35.b4 axb4 36.Rxb4 Ra2 37.Rb3 Kf7
38.h4 Ke7 39.Re3+ Kd8 40.d6 Nf6 41.Re7 Ne8 42.Rb7 Rxa3 43.h5 h6 44.Rxb6 Rd3
45.Rb8+ Kd7 46.Kf2 Rd2+ 47.Kg1 Rd5 48.g4 Rd2 49.Ra8 Rb2 50.Kf1 Nxd6 51.Ra7+ Nb7
52.Ra4 Ke6 53.Re4+ Kf7 54.Rf4+ Kg8 55.Rf5 Nd6 56.Rf4 Ne8 57.Rf5 Nc7 58.Rc5 Ne6
59.Rf5 Rc2 60.Rd5 Kf7 61.Rf5+ Ke7 62.Re5 Ra2 63.Re3 Kf6 64.Re4 Ng5 65.Re3 Nh3
66.Ke1 Nf4 67.Kf1 Rd2 68.Re4 Nd3 69.Re3 Kg5 70.Re7 Kf4 71.Rf7+ Kg3 72.g5 Rf2+
73.Kg1 Re2  0-1

[Event "Portoroz op"]
[Site "Portoroz"]
[Date "1994.??.??"]
[Round "?"]
[White "Burmakin, Vladimir"]
[Black "Cebalo, Miso"]
[Result "1/2-1/2"]
[WhiteElo "2530"]
[BlackElo "2520"]

1.d4 Nf6 2.c4 e6 3.Nf3 Bb4+ 4.Nbd2 b6 5.a3 Bxd2+ 6.Bxd2 Bb7 7.Bg5 d6 8.e3 Nbd7
9.Be2 h6 10.Bxf6 Nxf6 11.O-O O-O 12.Nd2 e5 13.dxe5 dxe5 14.Qc2 c5 15.Rfd1 Qc7
16.Bf3 Bxf3 17.gxf3 Rad8 18.Qf5 Nh7 19.Ne4 g6 20.Qh3 Kg7 21.Nc3 Nf6 22.Qf1 Qc6
23.Rxd8 Rxd8 24.Rd1  1/2-1/2

[Event "Pula PCA op"]
[Site "Pula"]
[Date "1994.??.??"]
[Round "?"]
[White "Kozul, Zdenko"]
[Black "Cebalo, Miso"]
[Result "1/2-1/2"]
[WhiteElo "2575"]
[BlackElo "2520"]

1.d4 Nf6 2.c4 e6 3.Nf3 Bb4+ 4.Nbd2 b6 5.a3 Bxd2+ 6.Qxd2 Bb7 7.e3 O-O 8.Bd3 Ne4
9.Qc2 f5 10.O-O d6 11.Nd2 Qh4 12.d5 Nxd2 13.Bxd2 Nd7 14.f3 Ne5 15.Bc3 Nxd3
16.Qxd3 Rae8 17.Rae1 Qg5  1/2-1/2

[Event "Reno op"]
[Site "Reno"]
[Date "1994.??.??"]
[Round "?"]
[White "Watson, John L"]
[Black "Orlov, Georgi"]
[Result "1-0"]
[WhiteElo "2395"]
[BlackElo "2515"]

1.d4 Nf6 2.c4 e6 3.Nf3 Bb4+ 4.Nbd2 d5 5.e3 O-O 6.a3 Be7 7.Bd3 c5 8.b3 cxd4
9.exd4 b6 10.O-O Bb7 11.Qe2 Nc6 12.Bb2 Rc8 13.Rad1 Qc7 14.Rfe1 Rfd8 15.Ng5 Bd6
16.Ndf3 h6 17.Nh3 Bf8 18.Ne5 dxc4 19.bxc4 Nxe5 20.dxe5 Nd7 21.Nf4 Nc5 22.Bb1 Rxd1
23.Qxd1 Qd8 24.Qe2 g6 25.Rd1 Qg5 26.Bc1 Bg7 27.Nd5 Qxe5 28.Ne7+ Kh7 29.Qxe5 Bxe5
30.Nxc8 Bxc8 31.Be3 Nd7 32.Be4 Nf6 33.Bc6 Kg7 34.h3 Bc7 35.g3 e5 36.g4 h5
37.f3 hxg4 38.hxg4 Kf8 39.Bg5 Ke7 40.Kf2 Ke6 41.a4 Bd6 42.Be3 Ke7 43.a5 Be6
44.g5 Nh7 45.axb6 axb6 46.Bd5 Bc5 47.Bxe6 Kxe6 48.Bxc5 bxc5 49.Rd5 Nxg5 50.Rxc5 Nh3+
51.Ke3 Nf4 52.Rc6+ Kd7 53.Rf6 Ke7 54.Ra6 f5 55.Rb6 Ne6 56.Rb1 g5 57.Rb5 Kf6
58.Rd5 Nf4 59.Rd6+ Ke7 60.Rd2 Ke6 61.Kf2 Ke7 62.c5 Ne6 63.Rd5 f4 64.Rxe5 Kd7
65.Kg2  1-0